| 000 | 00446cam a2200169ua 4500 | ||
|---|---|---|---|
| 041 |
_aeng _h |
||
| 082 |
_a515.1 _bMAR/BA |
||
| 100 | _aMarsden, Jerrold E . | ||
| 245 |
_aBasic multivariable calculus / _cJerrold E Marsden. _hTextual Documents |
||
| 260 |
_aNew York : _bSpringer Verlag , _c2005. |
||
| 300 | _a633 ; . | ||
| 504 | _a | ||
| 700 | 1 | _aTromba, Anthony J . | |
| 700 | 1 | _aWeinstein, Alan . | |
| 942 | _cBK | ||
| 999 |
_c13155 _d13155 |
||